[Event "Titled Tuesday intern op 09th Jan Early"]
[Site "Chess.com INT"]
[Date "2024.01.09"]
[Round "8"]
[White "Pein, Jonathan"]
[Black "Samarth, J Rao"]
[Result "0-1"]
[WhiteElo "2273"]
[BlackElo "1616"]
[PlyCount "67"]
[EventDate "2024.01.09"]
[EventType "swiss (blitz)"]
[EventRounds "11"]
[EventCountry "USA"]
[SourceTitle "CB03_2024"]
[SourceDate "2024.01.17"]
[SourceVersion "1"]
[SourceVersionDate "2024.01.17"]
[SourceQuality "1"]

1. b3 Nf6 2. Bb2 e6 3. e3 Be7 4. f4 0-0 5. Nf3 c5 6. Be2 b6 7. 0-0 Ba6 8. d3 d6 9. Qe1 Nfd7 10. Nbd2 Bf6 11. Bxf6 Qxf6 12. Ne4 Qe7 13. Qg3 Nc6 14. Qh3 f5 15. Nf2 Nb4 16. Bd1 Nd5 17. Nd2 Rae8 18. a3 e5 19. c4 Nc7 20. Bc2 exf4 21. exf4 Qe3 22. Qxe3 Rxe3 23. Rae1 Rfe8 24. Rxe3 Rxe3 25. Nd1 Re2 26. Rf2 Re1+ 27. Nf1 Ne6 28. Nde3 Nd4 29. g3 Bb7 30. Bd1 Nf6 31. h3 g6 32. Nc2 Rxd1 33. Nce3 Re1 34. g4 0-1

[Event "Titled Tuesday intern op 14th Nov Early"]
[Site "Chess.com INT"]
[Date "2023.11.14"]
[Round "9"]
[White "Samarth, J Rao"]
[Black "Mestnikov, Aisen"]
[Result "0-1"]
[WhiteElo "1616"]
[BlackElo "2043"]
[PlyCount "28"]
[EventDate "2023.11.14"]
[EventType "swiss (blitz)"]
[EventRounds "11"]
[EventCountry "USA"]
[SourceTitle "CB47_2023"]
[SourceDate "2023.11.22"]
[SourceVersion "1"]
[SourceVersionDate "2023.11.22"]
[SourceQuality "1"]

1. Nf3 Nf6 2. c4 g6 3. b3 Bg7 4. Bb2 0-0 5. e3 c5 6. Be2 Nc6 7. 0-0 b6 8. d4 d5 9. dxc5 bxc5 10. Nc3 d4 11. Na4 Ne4 12. Bd3 Nc3 13. Bxc3 dxc3 14. Qc2 Nb4 0-1

[Event "Titled Tuesday intern op 26th Sep Early"]
[Site "Chess.com INT"]
[Date "2023.09.26"]
[Round "6"]
[White "Samarth, J Rao"]
[Black "Krzywda, Andrzej"]
[Result "1-0"]
[WhiteElo "1616"]
[BlackElo "2210"]
[PlyCount "211"]
[EventDate "2023.09.26"]
[EventType "swiss (blitz)"]
[EventRounds "11"]
[EventCountry "USA"]
[SourceTitle "EXT 2024"]
[Source "ChessBase"]
[SourceDate "2023.10.10"]
[SourceVersion "1"]
[SourceVersionDate "2023.10.10"]
[SourceQuality "1"]

1. Nf3 d5 2. c4 e6 3. e3 Nf6 4. b3 Nbd7 5. Bb2 Bd6 6. Be2 0-0 7. 0-0 Re8 8. d4 b6 9. Nc3 Bb7 10. Rc1 a6 11. Na4 Ne4 12. c5 bxc5 13. dxc5 Ndxc5 14. Nxc5 Nxc5 15. Ne5 Ne4 16. f3 Nf6 17. Bd4 Rc8 18. Nc6 Qd7 19. Bxf6 gxf6 20. Qc2 f5 21. Na5 c5 22. Qd3 Bxh2+ 23. Kh1 Be5 24. Nxb7 Qxb7 25. Qxa6 Qe7 26. f4 Bb8 27. Qd3 Qf6 28. Rf3 Kh8 29. Qc3 Qxc3 30. Rxc3 Bd6 31. Rh3 Ra8 32. Bb5 Reb8 33. a4 Rc8 34. Rf3 Be7 35. Rc2 Bd8 36. Kh2 Bb6 37. Kh3 Kg7 38. g3 Kf6 39. Rh2 Rg8 40. Kg2 Rg7 41. Rh6+ Ke7 42. Rh1 Ba5 43. Kf2 Bb4 44. Ke2 Kd6 45. Kd3 Rag8 46. Rh3 h5 47. Kc2 Rg4 48. Rxh5 Rxg3 49. Rxg3 Rxg3 50. Kd3 d4 51. Kc4 Rxe3 52. Be8 Rc3+ 53. Kb5 Ke7 54. Bc6 d3 55. Rh1 Rxb3 56. Kc4 Rc3+ 57. Kb5 d2 58. Rd1 Rc1 59. Bf3 Kd6 60. a5 Kc7 61. a6 Kb8 62. Kb6 Ba5+ 63. Kxa5 Ka7 64. Rxd2 Ra1+ 65. Kb5 Rb1+ 66. Kxc5 Kxa6 67. Rd6+ Ka5 68. Rd7 Rc1+ 69. Kd4 Rf1 70. Ke3 Kb6 71. Rxf7 Kc5 72. Rd7 Rg1 73. Kf2 Ra1 74. Rd1 Ra2+ 75. Kg3 Ra3 76. Re1 Kd6 77. Rd1+ Ke7 78. Rb1 Rc3 79. Rb7+ Kf6 80. Rb6 Re3 81. Kf2 Rd3 82. Be2 Rd4 83. Ke3 Re4+ 84. Kf3 Ra4 85. Rc6 Rb4 86. Bc4 Rb1 87. Bxe6 Kg7 88. Bc4 Rb2 89. Be6 Kf6 90. Bc8+ Ke7 91. Bxf5 Rb3+ 92. Kg4 Kf7 93. Be6+ Kf6 94. Bxb3+ Kg7 95. Rc7+ Kh8 96. Rc8+ Kg7 97. Rg8+ Kh7 98. Rg5 Kh6 99. Bd1 Kh7 100. Bf3 Kh6 101. f5 Kh7 102. f6 Kh6 103. f7 Kh7 104. Bg2 Kh6 105. f8Q+ Kh7 106. Qg7# 1-0

[Event "Titled Tuesday intern op 12th Sep Early"]
[Site "Chess.com INT"]
[Date "2023.09.12"]
[Round "5"]
[White "Manukian, Artak"]
[Black "Samarth, J Rao"]
[Result "0-1"]
[WhiteElo "2196"]
[BlackElo "1616"]
[PlyCount "86"]
[EventDate "2023.09.12"]
[EventType "swiss (blitz)"]
[EventRounds "11"]
[EventCountry "USA"]
[SourceTitle "EXT 2024"]
[Source "ChessBase"]
[SourceDate "2023.10.10"]
[SourceVersion "1"]
[SourceVersionDate "2023.10.10"]
[SourceQuality "1"]

1. e4 c5 2. Nf3 d6 3. Bb5+ Nd7 4. 0-0 a6 5. Bd3 g6 6. a4 Bg7 7. c3 Ngf6 8. Bc2 e5 9. d4 exd4 10. cxd4 cxd4 11. Qxd4 Qc7 12. Nc3 0-0 13. Bf4 Ne8 14. Qe3 Ne5 15. Bb3 Be6 16. Nd5 Bxd5 17. Bxd5 Nxf3+ 18. Qxf3 Bxb2 19. Rab1 Be5 20. Rxb7 Qc3 21. Qxc3 Bxc3 22. Rc1 Bd4 23. Bh6 Bg7 24. Bxg7 Kxg7 25. Rxf7+ Rxf7 26. Bxa8 Nc7 27. f3 Nxa8 28. Rc6 Nc7 29. Rxd6 Kf8 30. Kf2 Ke7 31. Rb6 Kd7 32. Ke3 Re7 33. Kd4 Re6 34. Rb7 Kc6 35. Rb1 Rd6+ 36. Ke3 Ne6 37. h4 Nc5 38. a5 Rd3+ 39. Ke2 Rb3 40. Ra1 Rb2+ 41. Kf1 Nb3 42. Ra4 Kb5 43. Ra3 Kb4 0-1

[Event "Titled Tuesday intern op 08th Aug Early"]
[Site "Chess.com INT"]
[Date "2023.08.08"]
[Round "6"]
[White "Samarth, J Rao"]
[Black "Abel Mathewos, Tilahun"]
[Result "1-0"]
[WhiteElo "1616"]
[BlackElo "1953"]
[PlyCount "53"]
[EventDate "2023.08.08"]
[EventType "swiss (blitz)"]
[EventRounds "11"]
[EventCountry "USA"]
[SourceTitle "EXT 2024"]
[Source "ChessBase"]
[SourceDate "2023.10.10"]
[SourceVersion "1"]
[SourceVersionDate "2023.10.10"]
[SourceQuality "1"]

1. d4 d5 2. Nf3 e6 3. Bg5 Nf6 4. Nbd2 Be7 5. Ne5 0-0 6. c3 b6 7. e3 Bb7 8. Bd3 c5 9. 0-0 Nc6 10. f4 Bd6 11. Rf3 Ne7 12. Rh3 Ne4 13. Qh5 h6 14. Bxh6 g6 15. Qg4 f5 16. Qh4 Bxe5 17. fxe5 g5 18. Bxg5 Nxg5 19. Qxg5+ Kf7 20. Qh5+ Ng6 21. Qh7+ Ke8 22. Qxg6+ Kd7 23. Rh7+ Kc8 24. Qxe6+ Kb8 25. Rd7 Qe8 26. Qd6+ Kc8 27. Qc7# 1-0

[Event "Titled Tuesday intern op 18th Jul Early"]
[Site "Chess.com INT"]
[Date "2023.07.18"]
[Round "3"]
[White "Samarth, J Rao"]
[Black "Tikhonov, Viacheslav"]
[Result "1-0"]
[WhiteElo "1616"]
[BlackElo "2201"]
[PlyCount "143"]
[EventDate "2023.07.18"]
[EventType "swiss (blitz)"]
[EventRounds "11"]
[EventCountry "USA"]
[SourceTitle "EXT 2024"]
[Source "ChessBase"]
[SourceDate "2023.10.10"]
[SourceVersion "1"]
[SourceVersionDate "2023.10.10"]
[SourceQuality "1"]

1. e4 c5 2. Nf3 Nc6 3. d4 cxd4 4. Nxd4 Nf6 5. Nc3 e5 6. Ndb5 d6 7. Bg5 a6 8. Na3 b5 9. Nd5 Be7 10. Bxf6 Bxf6 11. c3 Bg5 12. Nc2 Rb8 13. b4 0-0 14. a4 f5 15. exf5 Bxf5 16. Nce3 Be6 17. Be2 Qd7 18. 0-0 Qf7 19. axb5 axb5 20. Ra6 Qb7 21. Rb6 Qc8 22. Rxb5 Qd7 23. Rxb8 Rxb8 24. Bg4 Ne7 25. Nxe7+ Qxe7 26. Bxe6+ Qxe6 27. Qd5 Kf7 28. Qf3+ Kg8 29. Ra1 e4 30. Qf5 Qxf5 31. Nxf5 Bf6 32. Nxd6 Bxc3 33. Rc1 Rxb4 34. g3 Rb3 35. Nxe4 Bd4 36. Rc7 h6 37. Kg2 Rb2 38. h4 Re2 39. Kf3 Rb2 40. Rd7 Be5 41. h5 Rb3+ 42. Kg4 Rb5 43. f4 Bb2 44. Nd6 Rd5 45. Rd8+ Kh7 46. Nf7 Rxd8 47. Nxd8 g6 48. Ne6 Ba3 49. hxg6+ Kxg6 50. Nd4 Bc5 51. Ne6 Bf2 52. Nc7 Be1 53. Kf3 h5 54. Nd5 Ba5 55. Ne3 Bb6 56. Ng2 Bd8 57. Ke4 Ba5 58. Ne3 Be1 59. Nf1 h4 60. g4 h3 61. Kf3 Kf6 62. Ng3 Kg6 63. Nh1 Kf6 64. Nf2 h2 65. Nh1 Bd2 66. Kg3 Ke6 67. f5+ Kf6 68. Kxh2 Kg5 69. Kh3 Kf4 70. Ng3 Bc3 71. Ne2+ Kg5 72. Nxc3 1-0

[Event "Titled Tuesday intern op 11th Jul Early"]
[Site "Chess.com INT"]
[Date "2023.07.11"]
[Round "3"]
[White "Samarth, J Rao"]
[Black "Ahmad, Khagan"]
[Result "1-0"]
[WhiteElo "1616"]
[BlackElo "2340"]
[PlyCount "139"]
[EventDate "2023.07.11"]
[EventType "swiss (blitz)"]
[EventRounds "11"]
[EventCountry "USA"]
[SourceTitle "EXT 2024"]
[Source "ChessBase"]
[SourceDate "2023.10.10"]
[SourceVersion "1"]
[SourceVersionDate "2023.10.10"]
[SourceQuality "1"]

1. Nf3 Nf6 2. Ng1 Ng8 3. Nf3 Nf6 4. e3 c5 5. Ke2 e6 6. g3 b6 7. Bg2 Bb7 8. Re1 Be7 9. Kf1 d6 10. Kg1 0-0 11. b3 e5 12. d3 Nc6 13. e4 d5 14. exd5 Nxd5 15. Bb2 f6 16. Nbd2 Qd7 17. Nc4 b5 18. Ncd2 Nd4 19. Ne4 Rac8 20. c4 Nxf3+ 21. Qxf3 Nb4 22. Nxf6+ Bxf6 23. Qxb7 Qxb7 24. Bxb7 Rb8 25. Be4 Rfd8 26. Red1 a5 27. Bc3 Nc2 28. Rac1 Nd4 29. Kf1 b4 30. Bxd4 Rxd4 31. Bd5+ Kf8 32. Ke2 Ke7 33. h3 Kd6 34. f3 Rb6 35. Rc2 Ra6 36. a4 bxa3 37. Ra2 h5 38. h4 g5 39. hxg5 Bxg5 40. Rh1 h4 41. f4 exf4 42. gxh4 Bxh4 43. Be4 Bf6 44. Rxa3 Ke6 45. Rh5 Be7 46. Kf3 Rd8 47. Kxf4 Rb8 48. Rh6+ Bf6 49. Bd5+ Ke7 50. Kf5 Rf8 51. Rh7+ Kd6 52. Bf7 Bb2 53. Ra2 Bd4 54. Rh6+ Kc7 55. Rxa6 Rxf7+ 56. Ke4 Re7+ 57. Kf4 Rf7+ 58. Kg4 Rg7+ 59. Kh5 Rh7+ 60. Rh6 Re7 61. Rxa5 Re3 62. Ra7+ Kb8 63. Rf7 Re8 64. Rb6+ Kc8 65. Rc6+ Kb8 66. Kg4 Rg8+ 67. Kf5 Re8 68. Re6 Rh8 69. Ree7 Kc8 70. Ra7 1-0

[Event "Titled Tuesday intern op 04th Jul Early"]
[Site "Chess.com INT"]
[Date "2023.07.04"]
[Round "6"]
[White "Estrada Nieto, Julian"]
[Black "Samarth, J Rao"]
[Result "1-0"]
[WhiteElo "2217"]
[BlackElo "1616"]
[PlyCount "49"]
[EventDate "2023.07.04"]
[EventType "swiss (blitz)"]
[EventRounds "11"]
[EventCountry "USA"]
[SourceTitle "EXT 2024"]
[Source "ChessBase"]
[SourceDate "2023.10.10"]
[SourceVersion "1"]
[SourceVersionDate "2023.10.10"]
[SourceQuality "1"]

1. e4 c5 2. Nf3 e6 3. c3 d5 4. exd5 Qxd5 5. d4 Nf6 6. Na3 Nc6 7. Be3 cxd4 8. Nb5 Qd8 9. Nbxd4 Bd7 10. Bd3 Be7 11. 0-0 0-0 12. Qe2 a6 13. Rad1 Qc7 14. Nxc6 Bxc6 15. Bd4 Rfd8 16. Rfe1 Rd7 17. Ne5 Rd5 18. Bc4 Rdd8 19. Nxf7 Kxf7 20. Qxe6+ Kg6 21. Qf7+ Kh6 22. Rxe7 Qxe7 23. Qxe7 Rd7 24. Be3+ g5 25. Qxf6+ 1-0

[Event "Titled Tuesday intern op 04th Jul Early"]
[Site "Chess.com INT"]
[Date "2023.07.04"]
[Round "2"]
[White "Samarth, J Rao"]
[Black "Martinez Ramirez, Lennis"]
[Result "1-0"]
[WhiteElo "1616"]
[BlackElo "2426"]
[PlyCount "67"]
[EventDate "2023.07.04"]
[EventType "swiss (blitz)"]
[EventRounds "11"]
[EventCountry "USA"]
[SourceTitle "EXT 2024"]
[Source "ChessBase"]
[SourceDate "2023.10.10"]
[SourceVersion "1"]
[SourceVersionDate "2023.10.10"]
[SourceQuality "1"]

1. d4 e6 2. e3 Nf6 3. Nf3 b6 4. Bd3 Bb7 5. 0-0 c5 6. Nbd2 cxd4 7. exd4 g6 8. c3 Bg7 9. Qe2 0-0 10. Re1 d6 11. Ne4 Nd5 12. Bg5 Qd7 13. c4 h6 14. cxd5 hxg5 15. dxe6 Qxe6 16. Nfxg5 Qd5 17. Bc4 Qf5 18. Nxf7 Qxe4 19. Nxd6+ Qd5 20. Bxd5+ Bxd5 21. Qg4 Nc6 22. Ne4 Nxd4 23. Qxg6 Bf7 24. Nf6+ Kh8 25. Qg5 Bxf6 26. Qxf6+ Kh7 27. Qxd4 Rad8 28. Qh4+ Kg7 29. Qg5+ Kh8 30. Re3 Bg8 31. Rh3+ Bh7 32. Qe5+ Kg8 33. Rg3+ Kf7 34. Rg7# 1-0

[Event "Titled Tuesday intern op 04th Jul Early"]
[Site "Chess.com INT"]
[Date "2023.07.04"]
[Round "10"]
[White "Samarth, J Rao"]
[Black "Namitbir, Singh Walia"]
[Result "1-0"]
[WhiteElo "1616"]
[BlackElo "2364"]
[PlyCount "75"]
[EventDate "2023.07.04"]
[EventType "swiss (blitz)"]
[EventRounds "11"]
[EventCountry "USA"]
[SourceTitle "EXT 2024"]
[Source "ChessBase"]
[SourceDate "2023.10.10"]
[SourceVersion "1"]
[SourceVersionDate "2023.10.10"]
[SourceQuality "1"]

1. Nf3 Nf6 2. d4 d5 3. e3 g6 4. Bd3 Bg7 5. 0-0 0-0 6. Nbd2 Bf5 7. Qe2 Ne4 8. Nh4 e6 9. Nxf5 gxf5 10. f3 Nxd2 11. Bxd2 Kh8 12. c3 c5 13. Kh1 Nd7 14. e4 fxe4 15. fxe4 cxd4 16. exd5 Nc5 17. dxe6 fxe6 18. Bxh7 Kxh7 19. Qh5+ Kg8 20. Qxc5 Rxf1+ 21. Rxf1 Rc8 22. Qh5 dxc3 23. Qf7+ Kh8 24. Qh5+ Kg8 25. Qf7+ Kh8 26. Bxc3 Bxc3 27. Qh5+ Kg8 28. Qf7+ Kh8 29. bxc3 Rxc3 30. Qh5+ Kg8 31. Qf7+ Kh8 32. Qh5+ Kg8 33. Qg6+ Kh8 34. Qh6+ Kg8 35. Qxe6+ Kh7 36. Rf7+ Kh8 37. Qe5+ Kg8 38. Qg7# 1-0

[Event "Titled Tuesday intern op 04th Jul Early"]
[Site "Chess.com INT"]
[Date "2023.07.04"]
[Round "3"]
[White "Tristan, Leonardo"]
[Black "Samarth, J Rao"]
[Result "1-0"]
[WhiteElo "2526"]
[BlackElo "1616"]
[PlyCount "75"]
[EventDate "2023.07.04"]
[EventType "swiss (blitz)"]
[EventRounds "11"]
[EventCountry "USA"]
[SourceTitle "EXT 2024"]
[Source "ChessBase"]
[SourceDate "2023.10.10"]
[SourceVersion "1"]
[SourceVersionDate "2023.10.10"]
[SourceQuality "1"]

1. d4 e6 2. Nf3 d5 3. Bf4 Bd6 4. e3 Bxf4 5. exf4 Qd6 6. Qd2 c5 7. dxc5 Qxc5 8. Nc3 Nf6 9. Bd3 0-0 10. 0-0 Nc6 11. Rfe1 a6 12. a3 b5 13. Ne5 Bb7 14. Ne2 Rad8 15. Nxc6 Bxc6 16. Nd4 Bb7 17. c3 Ne4 18. Qe3 Qc7 19. f3 Nc5 20. Bc2 Nd7 21. g3 Rfe8 22. Qd3 Nf8 23. Re5 f6 24. Rh5 g6 25. Rh4 e5 26. fxe5 fxe5 27. Ne2 e4 28. fxe4 dxe4 29. Qe3 Qd6 30. Bb3+ Kg7 31. Rd1 Qe5 32. Rf1 h5 33. Rf7+ Kg8 34. Rxb7+ Ne6 35. Qh6 Qf6 36. Qh7+ Kf8 37. Rf4 Nxf4 38. Qg8# 1-0

[Event "Titled Tuesday intern op 27th Jun Early"]
[Site "Chess.com INT"]
[Date "2023.06.27"]
[Round "10"]
[White "Osinovsky, Stepan"]
[Black "Samarth, J Rao"]
[Result "0-1"]
[WhiteElo "2241"]
[BlackElo "1616"]
[PlyCount "52"]
[EventDate "2023.06.27"]
[EventType "swiss (blitz)"]
[EventRounds "11"]
[EventCountry "USA"]
[SourceTitle "EXT 2024"]
[Source "ChessBase"]
[SourceDate "2023.10.10"]
[SourceVersion "1"]
[SourceVersionDate "2023.10.10"]
[SourceQuality "1"]

1. Nf3 Nf6 2. g3 d5 3. Bg2 Bf5 4. 0-0 e6 5. d3 c5 6. Nbd2 Nc6 7. c4 Qc7 8. a3 Rd8 9. Qa4 Be7 10. b4 cxb4 11. Nd4 0-0 12. Nxf5 exf5 13. axb4 Bxb4 14. Qb3 a5 15. e3 d4 16. Nf3 Ng4 17. exd4 Nxd4 18. Nxd4 Rxd4 19. Bb2 Rd7 20. d4 b6 21. Rac1 f4 22. Qf3 Nf6 23. Qxf4 Qxf4 24. gxf4 Bd2 25. Rb1 Bxf4 26. Rfd1 Rc8 0-1

[Event "Titled Tuesday intern op 27th Jun Early"]
[Site "Chess.com INT"]
[Date "2023.06.27"]
[Round "5"]
[White "Samarth, J Rao"]
[Black "Kopczynski, Michal"]
[Result "0-1"]
[WhiteElo "1616"]
[BlackElo "2225"]
[PlyCount "96"]
[EventDate "2023.06.27"]
[EventType "swiss (blitz)"]
[EventRounds "11"]
[EventCountry "USA"]
[SourceTitle "EXT 2024"]
[Source "ChessBase"]
[SourceDate "2023.10.10"]
[SourceVersion "1"]
[SourceVersionDate "2023.10.10"]
[SourceQuality "1"]

1. d4 Nf6 2. Nf3 g6 3. e3 Bg7 4. Bd3 d6 5. 0-0 0-0 6. b3 Nc6 7. Bb2 Nd7 8. a3 e5 9. c4 f5 10. dxe5 dxe5 11. Be2 Nc5 12. Nc3 Qxd1 13. Rfxd1 Nxb3 14. Rab1 e4 15. Ne1 Be6 16. Nd5 Bxd5 17. cxd5 Nca5 18. Bxg7 Kxg7 19. Nc2 Rad8 20. Nb4 c5 21. dxc6 bxc6 22. Rxd8 Rxd8 23. Nxc6 Nxc6 24. Rxb3 Rd2 25. Kf1 Ra2 26. Rc3 Ra1+ 27. Bd1 Rxd1+ 28. Ke2 Rd6 29. Rc5 Kf6 30. h4 Ke6 31. f4 exf3+ 32. gxf3 Kd7 33. h5 Re6 34. Kf2 Ne5 35. Rd5+ Kc6 36. Rd8 Nc4 37. hxg6 hxg6 38. Rd3 Kb5 39. Rc3 a5 40. f4 a4 41. Kf3 Rxe3+ 42. Rxe3 Nxe3 43. Kxe3 Kc4 44. Kf3 Kd3 45. Kg3 Ke3 46. Kh3 Kxf4 47. Kh4 Ke3 48. Kh3 Kd3 0-1